000
003050000a22001450004500
003
MACL
040
_a
MACL
090
_c
32284
_d
32282
100
_a
Anand, Dr. S C
245
_a
Objective Chemistry
260
_b
Bright Careers institus
350
_a
350
650
_a
Chemistry
942
_c
BOOK
_k
540/And
999
_c
31955
_d
31955